Flavors of Ice Cream - Statistics

General Stats
  • This quiz has been taken 151 times
  • The average score is 3 of 14
Answer Stats
% Flavors % Correct
14% Chocolate
99%
13% Vanilla
97%
13% (people in the northeast) Mint Chocolate Chip / MCC
36%
11% (people in the west) Rocky Road
28%
11% Butter Pecan
16%
13% (18-34 years old) Chocolate Chip Cookie Dough / CCCD
8%
14% (18-34 years old) Cookies 'n creme
2%
28% Chocolate Syrup (topping)
0%
43% Cone (ice cream holder)
0%
37% Cup (ice cream holder)
0%
43% Hot Fudge (topping)
0%
31% Nuts (topping)
0%
24% Oreo Crumbles (topping)
0%
21% Sprinkles (topping)
0%
No matching quizzes found
Score Distribution
Percent of People with Each Score
Percentile by Number Answered
Your Score History
You have not taken this quiz